00366nam a2200145Ia 4500008004100000020001500041041001200056082001600068100001800084245005000102250000800152260003700160300000800197650001500205221030s9999 xx 000 0 und d a8183182844 aEnglish a105.23bAsw aK. Aswathappa 0aOrganisational Behaviour - Text, Cases, Games a6th bHimalaya Pub HouseaMumbaic2004 a676 aManagement